FUNCTIONAL MRI BASIC PRINCIPLES AND CLINICAL APPLICATIONS (Record no. 19670)

MARC details
000 -LEADER
fixed length control field 00349nam a22001457a 4500
003 - CONTROL NUMBER IDENTIFIER
control field SGT
020 ## - INTERNATIONAL STANDARD BOOK NUMBER
International Standard Book Number 978-0387230467
082 ## - DEWEY DECIMAL CLASSIFICATION NUMBER
Classification number 616.0757
Item number F16F
100 ## - MAIN ENTRY--PERSONAL NAME
Personal name FARO, SCOTT H.
245 ## - TITLE STATEMENT
Title FUNCTIONAL MRI BASIC PRINCIPLES AND CLINICAL APPLICATIONS
260 ## - PUBLICATION, DISTRIBUTION, ETC. (IMPRINT)
Place of publication, distribution, etc NEW YORK
Name of publisher, distributor, etc SPRINGER
Year of Publication 2016
300 ## - PAGE DESCRIPTION
No. of Pages 533
650 ## - SUBJECT ADDED ENTRY--TOPICAL TERM
Topical term or geographic name as entry element RADIOLOGY
942 ## - ADDED ENTRY ELEMENTS (KOHA)
Source of classification or shelving scheme Dewey Decimal Classification
Koha item type Books
Holdings
Withdrawn status Lost status Source of classification or shelving scheme Damaged status Not for loan Collection code Home library Current library Shelving location Date acquired Vendor Name Cost, normal purchase price SGTU Bill Number Total Checkouts Full call number Accession No. (Barcode) Date last seen Bill Date Koha item type
    Dewey Decimal Classification   Not For Loan MEDICAL SGT Medical Library SGT Medical Library Reference Book 31/12/2019 ABC DELHI 0.00 SGTU 11586   616.0757 F16F FM11951 31/12/2019 16/11/2019 Books